000 01177nam a22003377a 4500
999 _c650
_d650
003 AR-CdUCM
008 190225b ||||| |||| 00| 0 spa d
020 _a8449965438
040 _aMUNICIPALIDAD PROVINCIAL DEL CUSCO
_cBIBLIOTECA MUNICIPAL DEL CUSCO
041 _hgre
082 _a889 /
_bSE35
100 _aSeferis, Yorgos
_92519
245 _aMithirtórima y otros poemas /
260 _aMadrid - España :
_bOrbis,
_c1983.
300 _a142 páginas ;
_c20 cm.
440 _aPremio Nobel 1963.
_n15
_92520
505 _aContenido: Primer canto de amor -- Argonautas -- Viento Sur -- Botella en el mar -- El rey de Asine ...
650 _aSiglo XX
_98
650 _aGrecia
_92521
650 _aPoemas
_9929
700 _aAlsina, José (traductor)
_92522
700 _aGaliano, Manuel F. (traductor)
_92523
700 _aGarcía Terrés, Jaime (traductor)
_92524
700 _aIrigoyen, Ramón (traductor)
_92525
700 _aMillares, Carlos (traductor)
_92526
700 _aNuñez Esteban, Goyita (traductor)
_92527
700 _aPacciotti, Edelweiss (traductor)
_92528
700 _aTovar, Antonio (traductor)
_92529
942 _2ddc
_cLIBROS
945 _aachl